Dos ofrendas de Día de Muertos en el estado de Tlaxcala (Record no. 9146)

MARC details
000 -CABECERA
campo de control de longitud fija 01289nam a2200325 a 4500
001 - NÚMERO DE CONTROL
campo de control BRL_333
005 - FECHA Y HORA DE LA ÚLTIMA TRANSACCIÓN
campo de control 20190320210706.0
008 - DATOS DE LONGITUD FIJA--INFORMACIÓN GENERAL
campo de control de longitud fija 300713s1992----mx-a######---#000-0#spa-#
020 ## - NÚMERO INTERNACIONAL ESTÁNDAR DEL LIBRO
Número Internacional Estándar del Libro 9682945054
041 ## - CÓDIGO DE LENGUA
Código de lengua del texto/banda sonora o título independiente spa
044 ## - CÓDIGO DEL PAÍS DE LA ENTIDAD EDITORA/PRODUCTORA
Código MARC del país mx
050 #4 - SIGNATURA TOPOGRÁFICA DE LA BIBLIOTECA DEL CONGRESO
Número de clasificación GT4995
Número de documento/Ítem .D67 1992
245 10 - MENCIÓN DE TÍTULO
Título Dos ofrendas de Día de Muertos en el estado de Tlaxcala
Resto del título (nahua y otomí)
Mención de responsabilidad, etc. coordinación Yolanda Ramos Galicia ; investigación Cornelio Hernández Rojas, Mauricio List Reyes, Juan Carlos Ramos Mora.
260 ## - PUBLICACIÓN, DISTRIBUCIÓN, ETC.
Lugar de publicación, distribución, etc. México
Nombre del editor, distribuidor, etc. INAH : Gobierno del Estado de Tlaxcala : Museo de Artes y Tradiciones Populares de la Casa de Artesanías de Tlaxcala
Fecha de publicación, distribución, etc. 1992
300 ## - DESCRIPCIÓN FÍSICA
Extensión 93 p.
Otras características físicas il.
Dimensiones 20 cm.
440 #0 - MENCIÓN DE SERIE/PUNTO DE ACCESO ADICIONAL--TÍTULO
Título Colección Divulgación
9 (RLIN) 23155
500 ## - NOTA GENERAL
Nota general Incluye glosario de términos
500 ## - NOTA GENERAL
Nota general Au334
504 ## - NOTA DE BIBLIOGRAFÍA, ETC.
Nota de bibliografía, etc. Bibliografía : p. 91-93
650 14 - PUNTO DE ACCESO ADICIONAL DE MATERIA--TÉRMINO DE MATERIA
Término de materia o nombre geográfico como elemento de entrada Día de muertos
Subdivisión geográfica México
9 (RLIN) 23577
650 14 - PUNTO DE ACCESO ADICIONAL DE MATERIA--TÉRMINO DE MATERIA
Término de materia o nombre geográfico como elemento de entrada Nahuas
Subdivisión general Vida social y costumbres
9 (RLIN) 23578
650 14 - PUNTO DE ACCESO ADICIONAL DE MATERIA--TÉRMINO DE MATERIA
Término de materia o nombre geográfico como elemento de entrada Otomíes
Subdivisión general Vida social y costumbres
9 (RLIN) 23579
651 #4 - PUNTO DE ACCESO ADICIONAL DE MATERIA--NOMBRE GEOGRÁFICO
Nombre geográfico Tlaxcala (México : Estado)
Subdivisión general Vida social y costumbres
9 (RLIN) 23580
700 1# - PUNTO DE ACCESO ADICIONAL--NOMBRE DE PERSONA
Nombre de persona Ramos Galicia, Yolanda
Término indicativo de función/relación coord.
9 (RLIN) 23581
700 1# - PUNTO DE ACCESO ADICIONAL--NOMBRE DE PERSONA
Nombre de persona Hernández Rojas, Cornelio
9 (RLIN) 23582
700 1# - PUNTO DE ACCESO ADICIONAL--NOMBRE DE PERSONA
Nombre de persona List Reyes, Mauricio
9 (RLIN) 23583
700 1# - PUNTO DE ACCESO ADICIONAL--NOMBRE DE PERSONA
Nombre de persona Ramos Mora, Juan Carlos
9 (RLIN) 23584
902 ## - CATALOGADOR
Iniciales GRL
942 ## - ELEMENTOS DE PUNTO DE ACCESO ADICIONAL (KOHA)
Fuente del sistema de clasificación o colocación Library of Congress Classification
Tipo de ítem Koha Libros
Holdings
Estado de retiro Estado de pérdida Estado dañado No para préstamo Localización permanente Ubicación/localización actual Fecha de adquisición Número de inventario Total de préstamos Signatura topográfica completa Código de barras Fecha visto por última vez Precio válido a partir de Tipo de ítem Koha
El ejemplar forma parte de la colección y puede ser consultado según las políticas vigentes.       Biblioteca Centro de Estudios Ruth D. Lechuga Biblioteca Centro de Estudios Ruth D. Lechuga 30/07/2013 Au334   GT4995 .D67 1992 (Au334) GRL00352 22/03/2019 22/03/2019 Libros